000 00405nam a2200181Ia 4500
001 10115
005 20260306161808.0
008 260306t2006||||xx |||||||||||||| ||spa||
041 _aESP
082 _aTR 894.35
_bP22
100 _aPamuk, Orhan
_eAUT
245 0 _aLa casa del silencio
260 _c2006
300 _a377 p
_c19 cm.
650 _aGEN
654 _aCHU
942 _cLIB
_dJUS
_fJUS
_2ddc
_n
999 _c10115
_d10115